000 00737nam a2200241 a 4500
005 20180803164816.0
008 140220b1991 ck |||||rm||| 00| 0 spa d
040 _aCO-BoIAVH
_cCO-BoIAVH
041 _aspa
044 _ack
090 _aTE
_b0041
100 _aBernal R., Gloria Inés
245 _aContribución al conocimiento de la anfibiofauna en la región de Caño Limón (Arauca)
260 _aBogotá
_bUniversidad Nacional de Colombia
_c1991
300 _a31 p.
650 _aAnfibios
650 _aEcosistemas
650 _aInventarios
662 _aColombia
_cCaño Limón
_bArauca
700 _aNiño C., Clara Inés
700 _aCuartas Ch., David Antonio
942 _cTESIS
_2z
999 _c489
_d489